Nautical Terms Quiz Stats

 Plays Quiz Updated Mar 4, 2019

Score 0/24 Timer 07:00
0 Plays Today
Definition Term % Correct
The front of a ship.Bow
88.2%
The rear part of a ship.Stern
84.6%
The left side of the vessel looking forwardPort
84.1%
The right side of the vessel when looking forward.Starboard
83.5%
Unit of speed equal to one nautical mile per hour.Knot
78.5%
The main body of a vessel.Hull
62.7%
Towards the stern of the vessel.Aft
62.4%
The kitchen of the vessel.Galley
60.9%
The captain of a ship and Gilligan's friend.Skipper
58.2%
When a vessel lists too far and rolls over.Capsize
55.8%
The toilet or latrine of a vessel.Head
51.6%
Six feet.Fathom
44.1%
Definition Term % Correct
A unit of length, normally equal to three nautical miles.League
41.2%
The system of masts & lines on sailing vessels.Rigging
40.4%
Movable bridge used in boarding/leaving a ship at a pier.Gangway
39.8%
The central structural basis of the hull.Keel
39.5%
Structure above the weather deck which houses a command centerBridge
38.9%
The vessel's angle of lean or tilt to one side.List
34.9%
Towards the bow of the vessel.Fore
34.8%
A sudden, violent wind often accompanied by rain.Squall
27.7%
To secure a vessel to a buoy or a pier.Moor
21.1%
A vessel's motion rotating about the vertical axis e.g. from side to side.Yaw
20.2%
Direction in which a vessel's bow is pointing.Heading
19.9%
The helmsman or crew member in command of a boat.Coxswain
9.5%

You're not logged in!

Compare scores with friends on all Sporcle quizzes.
OR
Log In

Sporcle TV

Today on Sporcle TV


Watch our educational content, quiz creation guides, and fun videos on Sporcle TV.

Show Comments

Extras

Top Quizzes Today


Score Distribution

Your Account Isn't Verified!

In order to create a playlist on Sporcle, you need to verify the email address you used during registration. Go to your Sporcle Settings to finish the process.

Report this User

Report this user for behavior that violates our Community Guidelines.

Details: